Minerals planning guidance (Record no. 91398)

MARC details
000 -LEADER
fixed length control field 01204cam a2200301 4500
008 - FIXED-LENGTH DATA ELEMENTS--GENERAL INFORMATION
fixed length control field 090401t1995 xxu||||| |||| 00| 0 eng d
020 ## - INTERNATIONAL STANDARD BOOK NUMBER
International Standard Book Number 0117531286
035 ## - SYSTEM CONTROL NUMBER
System control number (Sirsi) u43880
041 ## - LANGUAGE CODE
Language code of text/sound track or separate title eng
050 ## - LIBRARY OF CONGRESS CALL NUMBER
Classification number 711.1
-- 18
110 ## - MAIN ENTRY--CORPORATE NAME
Corporate name or jurisdiction name as entry element United Kingdom
Subordinate unit Department of the Environment
9 (RLIN) 982
245 ## - TITLE STATEMENT
Title Minerals planning guidance
Remainder of title guidelines for peat provision in England including the place of alternative materials
260 ## - PUBLICATION, DISTRIBUTION, ETC.
Place of publication, distribution, etc. London
Name of publisher, distributor, etc. HMSO
Date of publication, distribution, etc. 1995
300 ## - PHYSICAL DESCRIPTION
Extent 32p.
Other physical details ill.,maps
Dimensions 30cm.
350 ## - PRICE (NR) (BK AM CF MU VM SE) [OBSOLETE]
Price 9
490 ## - SERIES STATEMENT
Series statement MPG
Volume/sequential designation 13
520 ## - SUMMARY, ETC.
Summary, etc. Provides advice to minerals planning authorities and the peat extractive industry on the exercise of planning control over the extraction of peat, setting out the national picture on peat production, permitted reserves and consumption for horticultural purposes. View at www.planning.odpm.gov.uk.
650 ## - SUBJECT ADDED ENTRY--TOPICAL TERM
Topical term or geographic name entry element HORTICULTURE
650 ## - SUBJECT ADDED ENTRY--TOPICAL TERM
Topical term or geographic name entry element MINERALS PLANNING
650 ## - SUBJECT ADDED ENTRY--TOPICAL TERM
Topical term or geographic name entry element MPG13
650 ## - SUBJECT ADDED ENTRY--TOPICAL TERM
Topical term or geographic name entry element PEAT BOGS
650 ## - SUBJECT ADDED ENTRY--TOPICAL TERM
Topical term or geographic name entry element PEAT EXTRACTION
650 ## - SUBJECT ADDED ENTRY--TOPICAL TERM
Topical term or geographic name entry element PEATLANDS
690 ## - LOCAL SUBJECT ADDED ENTRY--TOPICAL TERM (OCLC, RLIN)
Topical term or geographic name as entry element PLANNING LAW AND PRACTICE
856 ## - ELECTRONIC LOCATION AND ACCESS
Uniform Resource Identifier <a href="https://www.communities.gov.uk/index.asp?id=1144235">https://www.communities.gov.uk/index.asp?id=1144235</a>
Hours access method available View the guidance on the ODPM website...
942 ## - ADDED ENTRY ELEMENTS (KOHA)
Suppress in OPAC 0
948 ## - LOCAL PROCESSING INFORMATION (OCLC); SERIES PART DESIGNATOR (RLIN)
c (OCLC) 04/03/1997
Holdings
Withdrawn status Lost status Source of classification or shelving scheme Damaged status Not for loan Home library Current library Shelving location Date acquired Cost, normal purchase price Total Checkouts Full call number Barcode Date last seen Copy number Cost, replacement price Price effective from Koha item type Date last checked out
    Dewey Decimal Classification     London London Enquiry desk 24/07/1995 9.00   BOXED SET 30046151 06/08/2019 1 9.00 06/08/2019 Reference material  
  Missing       London London Missing 31/07/1995 9.00 2 BOXED SET 30046209 06/08/2019 2 9.00 06/08/2019 Book 08/01/2010
    Dewey Decimal Classification     Virtual Virtual Online 27/06/2003     ONLINE PUBLICATION 43880-2001 06/08/2019 1   06/08/2019 Book